City of God /

সংরক্ষণ করুন:
গ্রন্থ-পঞ্জীর বিবরন
প্রধান লেখক: Grimes, Tom
বিন্যাস: গ্রন্থ
ভাষা:ইংরেজি
প্রকাশিত: London Picador 1996
ট্যাগগুলো: ট্যাগ যুক্ত করুন
কোনো ট্যাগ নেই, প্রথমজন হিসাবে ট্যাগ করুন!

MARC

LEADER 00000nam a2200000 4500
001 CDOM0000004607
003 mi
005 20251008202525.0
008 251008b |||||||| |||| 00| 0 eng d
020 |a 0330344579 
040 |c mi 
100 |a Grimes, Tom 
245 1 |a City of God /  |c Tom Grimes 
260 |a London  |b Picador  |c 1996 
300 |a 318 p. ;  |c 20 cm. 
942 |2 ddc  |c BK 
952 |0 0  |1 0  |2 ddc  |4 0  |6 B_LNR02GRITOCIT11  |7 0  |9 7446  |a MI  |b MI  |d 2010-11-22  |i 6092  |l 0  |o B-LNR02-GRITO-CIT11  |p CDOM6092  |r 2025-07-13 16:28:00  |w 2025-07-13  |x DONO  |y BK 
999 |c 6144  |d 6144